000 00588nam a2200217Ia 4500
005 20241129110233.0
008 241129s9999||||xx |||||||||||||| ||und||
020 _a978-81-910621-4-4
037 _aTB
040 _aARTS
_beng
_cARTS
041 _aeng
_2urd
084 _aO168,1L22k Q3
_qARTS
100 _aAbdur Rasheed Au.
_9727534
245 0 _aFarhang-e-Kalam-e-Meer
_cAbdur Rasheed Au.
260 _aDelhi, India
_bkitab ghar
_c2020
300 _a400p.
365 _aINR
_b400
650 _aUrdu Poetry
942 _cTB
_hO168,1L22k Q3
999 _c1227836
_d1227836